000 00847nam a22001815i 4500
001 167055
003 ES-MaACL
005 20231206063248.0
008 970717s1856 sp |||| | spa d
040 _aCYL
_bspa
_cCYL
100 1 _aVázquez Queipo, Vicente,
_d1804-1893
_9113475
245 1 0 _aTablas de los logaritmos vulgares con seis decimales, dispuestas a doble entrada por un nuevo método
_b: seguidas de las correspondientes a las líneas trigonométricas y de otras varias tablas de un uso frecuente en las ciencias, las artes y el comercio... /
_cpor el Dr. D. Vicente Vazquez Queipo.
250 _aEd. estereotípica segunda tirada.
260 _aMadrid :
_b[s.n.],
_c1856 (
_fImprenta de J. Martín Alegría)
300 _a94, [174] p. ;
_c16 cm.
852 _aES-MaACL
_jD-3919
_z-- Enc. hol.
999 _c167055
_d167055